000 00517nam a2200157 4500
999 _c4758
_d4758
008 160921b xxu||||| |||| 00| 0 eng d
022 _a16565649
082 _aDPer 303.405 H22 May-Sept 2015 n. 6-10
100 _915091
_aHusin, Salehuddin
245 _aBiologically distinct:
_ba look at biometrics/
_cSalehuddin Husin.
260 _aQuezon City:
_bHardware Zone Phils. Corp.,
_c©2015.
300 _av11 i6, pages 82-85;
_c30 cm.
500 _aHWM Philippines.
650 0 _915092
_aCiphers
942 _2ddc
_cPER